France or the United Kingdom - Statistics

General Stats
  • This quiz has been taken 44 times
  • The average score is 11 of 15
Answer Stats
Question Answer % Correct
Got occupied in World War II? France
100%
Is still a monarchy? United Kingdom
100%
Invented soccer? United Kingdom
100%
Is still in the European Union? France
88%
Has more coastline? United Kingdom
88%
Is larger by metropolitan area? France
75%
Is larger by total area, including overseas territories? France
75%
Owns the channel islands? United Kingdom
75%
Had a larger empire? United Kingdom
75%
Its colonial empire owned most of West Africa? France
63%
Has more GDP? United Kingdom
63%
Has a stronger army? United Kingdom
63%
Has more immigrants? United Kingdom
50%
Has more GDP per capita? United Kingdom
38%
Has more population? France
0%
No matching quizzes found
Score Distribution
Percent of People with Each Score
Percentile by Number Answered
Your Score History
You have not taken this quiz